[Event "22nd Reykjavik op"]
[Site "Reykjavik ISL"]
[Date "2006.03.08"]
[Round "3.24"]
[White "Gunnarsson, Jon Viktor"]
[Black "Schwartz Ylon"]
[WhiteElo "2421"]
[BlackElo "2250"]
[Result "1-0"]
[EventDate "2006.03.06"]
[PlyCount "43"]

1.e4 e5 2.Nf3 Nf6 3.Nxe5 d6 4.Nf3 Nxe4 5.Nc3 Nxc3 6.dxc3 Nc6 7.Bf4 Be7 8.
Qd2 Be6 9.O-O-O Qd7 10.Kb1 a5 11.Bb5 Bxa2+ 12.Kxa2 Nb4+ 13.cxb4 Qxb5 14.
Kb1 axb4 15.Qe3 O-O 16.Qxe7 Qa4 17.Kc1 Rfe8 18.Qg5 Qa1+ 19.Kd2 Qxb2 20.Rb1
Qc3+ 21.Kd1 b3 22.Rxb3 1-0

[Event "22nd Reykjavik op"]
[Site "Reykjavik ISL"]
[Date "2006.03.08"]
[Round "3.25"]
[White "Salama, Omar"]
[Black "Rocha, Sergio"]
[WhiteElo "2199"]
[BlackElo "2405"]
[Result "1/2-1/2"]
[EventDate "2006.03.06"]
[PlyCount "55"]

1.d4 d5 2.c4 c6 3.cxd5 cxd5 4.Nc3 Nc6 5.Bf4 Nf6 6.e3 a6 7.Bd3 Bd7 8.Nf3 
Rc8 9.O-O e6 10.e4 Nb4 11.Bb1 dxe4 12.Nxe4 Bc6 13.Bg5 Be7 14.Bxf6 gxf6 15.
a3 Nd5 16.Qd2 h5 17.Re1 h4 18.Nc5 Qd6 19.Ne4 Qc7 20.Ba2 Rd8 21.Rac1 Qb8 
22.Nc5 Nf4 23.Nxa6 Qd6 24.d5 Nxd5 25.Bxd5 Bxd5 26.Nc7+ Kf8 27.Nxd5 Qxd5 
28.Qxd5 1/2-1/2

[Event "22nd Reykjavik op"]
[Site "Reykjavik ISL"]
[Date "2006.03.08"]
[Round "3.26"]
[White "Marinelli, Tullio"]
[Black "Bick, John"]
[WhiteElo "2391"]
[BlackElo "2238"]
[Result "0-1"]
[EventDate "2006.03.06"]
[PlyCount "94"]

1.d4 Nf6 2.c4 e6 3.Nc3 Bb4 4.e3 c5 5.Nf3 Nc6 6.Bd3 Bxc3+ 7.bxc3 d6 8.O-O 
e5 9.e4 h6 10.d5 Ne7 11.Nh4 g5 12.Qf3 Nexd5 13.cxd5 gxh4 14.Bb5+ Bd7 15.
Bxd7+ Nxd7 16.Rb1 Rb8 17.Qe2 h3 18.g3 h5 19.c4 Qf6 20.Rb3 Qg6 21.Rf3 Qg4 
22.Qd3 h4 23.Rf5 hxg3 24.hxg3 Rh5 25.Rxh5 Qxh5 26.Kh2 Ke7 27.f3 Rf8 28.g4 
Qh4 29.Be3 Rg8 30.Rg1 Nf6 31.Qe2 Kd7 32.Rg3 Rh8 33.Qf1 Kc8 34.g5 Nd7 35.
Rg4 Qh7 36.Qd3 Qg8 37.a4 Qd8 38.Bd2 Qb6 39.Qc2 Qa6 40.a5 b5 41.cxb5 Qxb5 
42.Bc3 Qf1 43.Rg3 Kc7 44.Qd2 Rb8 45.Rxh3 Rb1 46.Kg3 Qg1+ 47.Kh4 Rb8 0-1

[Event "22nd Reykjavik op"]
[Site "Reykjavik ISL"]
[Date "2006.03.08"]
[Round "3.27"]
[White "Magnusson, Bjarni"]
[Black "D`Costa, Lorin"]
[WhiteElo "2016"]
[BlackElo "2386"]
[Result "0-1"]
[EventDate "2006.03.06"]
[PlyCount "94"]

1.d4 Nf6 2.Nf3 g6 3.Bg5 Bg7 4.Nbd2 d5 5.e3 O-O 6.Be2 c5 7.O-O Qb6 8.Rb1 
Nc6 9.dxc5 Qxc5 10.Nb3 Qd6 11.Nbd4 Ne4 12.Nb5 Qd7 13.Bh4 a6 14.Nbd4 e5 15.
Nxc6 bxc6 16.c4 f5 17.Nd2 Nc5 18.f3 a5 19.Qc2 d4 20.exd4 exd4 21.Bd3 Re8 
22.Rfe1 Re3 23.Bf1 Ne6 24.Bf2 Rxe1 25.Rxe1 c5 26.g3 Bb7 27.Qb3 a4 28.Qa3 
Bh6 29.Rd1 Qc6 30.Bg2 Kf7 31.b4 axb3 32.Qxb3 Ra4 33.Qc2 Qa6 34.Rb1 Bc6 35.
Rb2 Bxd2 36.Qxd2 Qxc4 37.Qh6 Rxa2 38.Qxh7+ Ng7 39.Bf1 Ra1 40.Qh3 Bb5 41.
Rxb5 Qxb5 42.f4 Ke6 43.Qg2 Rxf1+ 44.Qxf1 Qxf1+ 45.Kxf1 Kd5 46.Ke2 Ke4 47.
Kd2 Ne6 0-1

[Event "22nd Reykjavik op"]
[Site "Reykjavik ISL"]
[Date "2006.03.08"]
[Round "3.29"]
[White "Gara, Anita"]
[Black "Andersson, Christin"]
[WhiteElo "2367"]
[BlackElo "2170"]
[Result "1/2-1/2"]
[EventDate "2006.03.06"]
[PlyCount "116"]

1.e4 e6 2.d4 d5 3.e5 c5 4.c3 Nc6 5.Nf3 Qc7 6.Be2 f6 7.O-O fxe5 8.dxe5 Bd7 
9.c4 d4 10.Re1 g6 11.Bf4 Bg7 12.Nbd2 Nge7 13.Bd3 O-O 14.Bg5 Nf5 15.Qe2 
Rac8 16.a3 h6 17.Bf4 g5 18.Bg3 g4 19.Nh4 Nxg3 20.hxg3 Nxe5 21.Bb1 Qd8 22.
Qe4 d3 23.Bxd3 Nxd3 24.Qxd3 Bc6 25.Qe2 Qf6 26.b4 Qf7 27.Ra2 Kh8 28.b5 Bd4 
29.bxc6 Bxf2+ 30.Kh1 Bxg3 31.Qxg4 Bxe1 32.Ng6+ Kg8 33.Nxf8+ Kxf8 34.cxb7 
Qxb7 35.Qxe6 Re8 36.Qxh6+ Qg7 37.Qxg7+ Kxg7 38.Nf3 Bg3 39.Kg1 Re4 40.Rc2 
Re3 41.Kf1 Rxa3 42.Ng5 Ra1+ 43.Ke2 Ra5 44.Rd2 Kg6 45.Ne4 Be5 46.Rd5 Bd4 
47.g4 Kf7 48.g5 Kg6 49.Kf3 Ra4 50.Nxc5 Rxc4 51.Ne6 Bb2 52.Nf4+ Kf7 53.g6+ 
Kf6 54.Rd7 Rxf4+ 55.Kxf4 Kxg6 56.Rxa7 Kf6 57.Ra6+ Ke7 58.Rb6 Bd4 1/2-1/2

[Event "22nd Reykjavik op"]
[Site "Reykjavik ISL"]
[Date "2006.03.08"]
[Round "3.30"]
[White "Kristjansson, Atli Freyr"]
[Black "Thorfinnsson, Bragi"]
[WhiteElo "1922"]
[BlackElo "2367"]
[Result "0-1"]
[EventDate "2006.03.06"]
[PlyCount "70"]

1.d4 Nf6 2.c4 e6 3.Nc3 Bb4 4.e3 O-O 5.Bd3 c5 6.Ne2 d6 7.d5 b5 8.O-O bxc4 
9.Bxc4 e5 10.e4 Bxc3 11.Nxc3 Nfd7 12.f4 Nb6 13.Be2 N8d7 14.f5 a5 15.Bb5 
Ba6 16.a4 f6 17.Qe2 Bxb5 18.Nxb5 Qb8 19.Bd2 c4 20.Rf3 Nxa4 21.Rxa4 Qxb5 
22.Qxc4 Qxb2 23.Bc1 Qb8 24.Rb3 Qe8 25.Be3 Rc8 26.Qb5 Qh5 27.Qd3 g6 28.Rb7 
Rf7 29.Rb1 Rg7 30.Qa6 Rc2 31.Qa8+ Nf8 32.Rxa5 Rxg2+ 33.Kxg2 Qe2+ 34.Bf2 
gxf5+ 35.Kh3 Qg4# 0-1

[Event "22nd Reykjavik op"]
[Site "Reykjavik ISL"]
[Date "2006.03.08"]
[Round "3.31"]
[White "Kujovic, Michal"]
[Black "Vovk, Oksana"]
[WhiteElo "2344"]
[BlackElo "2164"]
[Result "1-0"]
[EventDate "2006.03.06"]
[PlyCount "61"]

1.e4 e6 2.d4 d5 3.e5 c5 4.c3 Nc6 5.Nf3 Qb6 6.Be2 Nh6 7.Bxh6 gxh6 8.Qd2 Bd7
9.O-O Bg7 10.Na3 O-O-O 11.Nb5 Kb8 12.dxc5 Qxc5 13.b4 Qb6 14.Qf4 Rdf8 15.a4
a6 16.a5 Qd8 17.Nbd4 Qc7 18.b5 Nxd4 19.cxd4 Bxb5 20.Bxb5 axb5 21.Rfc1 Qd7 
22.Nd2 Rc8 23.Nb3 Rxc1+ 24.Rxc1 Rc8 25.Rxc8+ Kxc8 26.Qg4 f5 27.exf6 Bxf6 
28.Nc5 Qf7 29.Nxe6 Qg6 30.Qd1 Kd7 31.Nf8+ 1-0

[Event "22nd Reykjavik op"]
[Site "Reykjavik ISL"]
[Date "2006.03.08"]
[Round "3.35"]
[White "Gutierrez Castillo, Paloma"]
[Black "Panchanathan, Magesh Chandran"]
[WhiteElo "2158"]
[BlackElo "2494"]
[Result "1/2-1/2"]
[EventDate "2006.03.06"]
[PlyCount "80"]

1.e4 e5 2.Bc4 Nf6 3.d3 Be7 4.Nf3 d6 5.c3 O-O 6.Nbd2 c6 7.a4 d5 8.Ba2 Nbd7 
9.O-O Qc7 10.Qc2 a5 11.d4 Bd6 12.exd5 cxd5 13.dxe5 Nxe5 14.Nxe5 Bxe5 15.
Nf3 Bg4 16.Nxe5 Qxe5 17.Be3 Bf5 18.Qd2 Be6 19.Rfe1 Ne4 20.Qd4 Qh5 21.Bf4 
Rfd8 22.f3 Nd6 23.Bxd6 Rxd6 24.Re5 Qg6 25.Bxd5 Rad8 26.c4 Qc2 27.h4 h6 28.
Qe4 Qxb2 29.Rb1 Qa2 30.Rxb7 Bxd5 31.cxd5 Rxd5 32.Re8+ Rxe8 33.Qxe8+ Kh7 
34.Qe4+ f5 35.Qe7 Qa1+ 36.Kh2 Qd4 37.Kh3 Qa1 38.Qf7 Qh1+ 39.Kg3 Qe1+ 40.
Kh3 Qh1+ 1/2-1/2

[Event "22nd Reykjavik op"]
[Site "Reykjavik ISL"]
[Date "2006.03.08"]
[Round "3.36"]
[White "Sanchez Castillo, Sarai"]
[Black "Hardarson, Robert"]
[WhiteElo "2177"]
[BlackElo "2369"]
[Result "1-0"]
[EventDate "2006.03.06"]
[PlyCount "67"]

1.e4 e5 2.d4 exd4 3.Qxd4 Nc6 4.Qe3 Nf6 5.Nc3 Bb4 6.Bd2 O-O 7.O-O-O Re8 8.
Qg3 d6 9.f3 Be6 10.a3 Ba5 11.h4 Kh8 12.h5 h6 13.Nge2 b5 14.Nxb5 Bxd2+ 15.
Rxd2 Na5 16.Ned4 Bd7 17.Qf4 Rb8 18.g4 Re5 19.Nc3 Qe7 20.Rg2 c5 21.Nf5 Bxf5
22.gxf5 Nc6 23.Bc4 Nd4 24.Rhg1 Rg8 25.Nd5 Qd8 26.c3 Nc6 27.Nxf6 Qxf6 28.
Rg6 fxg6 29.Rxg6 Qf8 30.f6 Rxh5 31.fxg7+ Qxg7 32.Rxg7 Rxg7 33.Qf8+ Kh7 34.
Bg8+ 1-0

[Event "22nd Reykjavik op"]
[Site "Reykjavik ISL"]
[Date "2006.03.08"]
[Round "3.37"]
[White "Halldorsson, Jon Arni"]
[Black "Kjartansson, Gudmundur"]
[WhiteElo "2145"]
[BlackElo "2287"]
[Result "0-1"]
[EventDate "2006.03.06"]
[PlyCount "108"]

1.d4 Nf6 2.Nf3 g6 3.Bg5 Bg7 4.c3 O-O 5.Nbd2 d5 6.e3 Nbd7 7.Bd3 c6 8.O-O 
Re8 9.e4 dxe4 10.Nxe4 Qb6 11.Qc2 h6 12.Nxf6+ exf6 13.Bf4 Nf8 14.Rfe1 Be6 
15.Nd2 f5 16.Nc4 Qd8 17.Bg3 Bd5 18.f3 Ne6 19.Ne5 Qg5 20.Kh1 c5 21.Bf2 cxd4
22.cxd4 Rac8 23.Qd1 Red8 24.Rc1 Rxc1 25.Qxc1 Qxc1 26.Rxc1 Bxa2 27.Bc4 Rc8 
28.Be3 Bxc4 29.Rxc4 Rxc4 30.Nxc4 Nxd4 31.Nd6 b6 32.Nc8 Nc6 33.b4 Nxb4 34.
Nxa7 Nd5 35.Bf2 Kf8 36.Kg1 Be5 37.g3 Ke8 38.Kf1 Kd7 39.Ke2 Kc7 40.Kd3 Kb7 
41.Nb5 g5 42.Bd4 Bxd4 43.Kxd4 Kc6 44.Na7+ Kd6 45.Nb5+ Ke6 46.Na3 h5 47.h4 
gxh4 48.gxh4 Nf4 49.Nb5 Kf6 50.Nc3 Kg6 51.Ke5 Ng2 52.Nd5 Nxh4 53.Nxb6 
Nxf3+ 54.Kf4 Ng5 0-1

[Event "22nd Reykjavik op"]
[Site "Reykjavik ISL"]
[Date "2006.03.08"]
[Round "3.38"]
[White "Bergsson, Stefan"]
[Black "Weeks, Manuel"]
[WhiteElo "2144"]
[BlackElo "2273"]
[Result "1/2-1/2"]
[EventDate "2006.03.06"]
[PlyCount "47"]

1.e4 c5 2.Nf3 Nc6 3.d4 cxd4 4.Nxd4 g6 5.c4 Nf6 6.Nc3 d6 7.Be2 Nxd4 8.Qxd4 
Bg7 9.O-O O-O 10.Bg5 Be6 11.Qd2 Qa5 12.Rab1 Rfb8 13.b4 Qd8 14.Bxf6 Bxf6 
15.Nd5 Bg7 16.f4 Bxd5 17.exd5 Qb6+ 18.Kh1 Qd4 19.Qxd4 Bxd4 20.Rfd1 Bf6 21.
Rd2 b6 22.a4 a5 23.b5 Kg7 24.Rb3 1/2-1/2

[Event "22nd Reykjavik op"]
[Site "Reykjavik ISL"]
[Date "2006.03.08"]
[Round "3.40"]
[White "Bjarnason, Oskar"]
[Black "Knutsson, Larus"]
[WhiteElo "2255"]
[BlackElo "2112"]
[Result "1-0"]
[EventDate "2006.03.06"]
[PlyCount "85"]

1.e4 e5 2.Nf3 Nc6 3.Bb5 a6 4.Bxc6 dxc6 5.Nc3 Bg4 6.h3 Bxf3 7.Qxf3 Qf6 8.
Qg3 Ne7 9.d3 Qg6 10.Qh2 O-O-O 11.O-O Qh5 12.f4 f6 13.fxe5 fxe5 14.Rf3 h6 
15.g4 Qg6 16.Qxe5 Rd7 17.Be3 Qh7 18.Rf7 Ng6 19.Qe6 Be7 20.Raf1 Nf8 21.Qf5 
Ng6 22.Ne2 Kd8 23.Nd4 Ke8 24.Ne6 Rg8 25.Nf4 Rd6 26.Nxg6 Qxg6 27.Qc8+ Bd8 
28.Bc5 h5 29.Bxd6 Qxd6 30.R7f4 g5 31.R4f3 hxg4 32.Qxg4 Rh8 33.Qf5 Be7 34.
Qc8+ Bd8 35.Qf5 Be7 36.c3 g4 37.Qc8+ Bd8 38.Qxg4 Qh6 39.Kf2 Qd2+ 40.Kg1 
Qh6 41.Rf7 Qd6 42.Qg7 Qh6 43.Rf8+ 1-0

[Event "22nd Reykjavik op"]
[Site "Reykjavik ISL"]
[Date "2006.03.08"]
[Round "3.43"]
[White "Ptacnikova, Lenka"]
[Black "Thorgeirsson, Sverrir"]
[WhiteElo "2204"]
[BlackElo "1954"]
[Result "1/2-1/2"]
[EventDate "2006.03.06"]
[PlyCount "161"]

1.e4 e6 2.d4 d5 3.Nd2 Nf6 4.e5 Nfd7 5.Bd3 c5 6.c3 Nc6 7.Ne2 Be7 8.O-O O-O 
9.Nf3 cxd4 10.cxd4 f6 11.Nf4 Nb6 12.exf6 Bxf6 13.Re1 Qd6 14.Nh5 Bd7 15.Bf4
Qb4 16.Nxf6+ Rxf6 17.Bg5 Rff8 18.Qd2 Qxd2 19.Bxd2 h6 20.Rac1 Rac8 21.b3 
Na8 22.b4 a6 23.b5 axb5 24.Bxb5 Nc7 25.Bxc6 Bxc6 26.Ba5 Rfe8 27.Ne5 Nb5 
28.Bb6 Nd6 29.f3 Bb5 30.Bc5 Nc4 31.Ng6 Kf7 32.Nf4 Ra8 33.Rc2 Ra4 34.a3 Bd7
35.Rc3 Bc6 36.h4 g6 37.Nd3 Raa8 38.Bb4 Rad8 39.Kf2 Kf6 40.Kg3 Ra8 41.Re2 
Rad8 42.Nf2 Kf7 43.Ng4 h5 44.Ne5+ Nxe5 45.Rxe5 Rc8 46.Kf4 Bd7 47.Ree3 Rc4 
48.Ke5 Bb5 49.Bc5 Rxc3 50.Rxc3 Bc6 51.Rb3 Ra8 52.Kd6 Rc8 53.Rb6 Kf6 54.Bb4
Be8 55.Bd2 Rc6+ 56.Rxc6 Bxc6 57.g4 Bb5 58.Bg5+ Kf7 59.Kc7 Ba6 60.a4 Ke8 
61.a5 Kf7 62.Bd8 Ke8 63.Bf6 Kf7 64.g5 Ke8 65.f4 Kf7 66.Kd7 Bb5+ 67.Kd6 Be2
68.Be5 Bd3 69.Kc7 Ba6 70.Bd6 Ke8 71.Bc5 Kf7 72.Kd7 Bd3 73.Kd6 Bc4 74.Bb6 
Bd3 75.Kd7 Bc4 76.Kc8 Ba6 77.Kc7 Ke7 78.Bc5+ Kf7 79.Kd6 Bc4 80.Ke5 Bd3 81.
Kd6 1/2-1/2

[Event "22nd Reykjavik op"]
[Site "Reykjavik ISL"]
[Date "2006.03.08"]
[Round "3.44"]
[White "Ragnarsson, Johann"]
[Black "Johansson, Victoria"]
[WhiteElo "2134"]
[BlackElo "2222"]
[Result "0-1"]
[EventDate "2006.03.06"]
[PlyCount "98"]

1.d4 Nf6 2.c4 g6 3.Nc3 Bg7 4.e4 d6 5.Be2 O-O 6.g4 c5 7.g5 Ne8 8.d5 e6 9.h4
exd5 10.cxd5 Qe7 11.Qc2 a6 12.a4 Nd7 13.h5 Rb8 14.a5 b5 15.axb6 Rxb6 16.
Be3 Ne5 17.f3 Qb7 18.O-O-O Rb4 19.Nh3 a5 20.Nf2 a4 21.f4 Nc4 22.Bxc4 Rxc4 
23.Bd2 Bd7 24.f5 gxf5 25.exf5 Bxf5 26.Qxf5 a3 27.Qb1 Qb3 28.bxa3 Rxc3+ 29.
Bxc3 Qxc3+ 30.Qc2 Qe3+ 31.Rd2 Nc7 32.Rh3 Qxg5 33.Ne4 Qg1+ 34.Qd1 Qxd1+ 35.
Kxd1 Be5 36.Kc2 Nb5 37.a4 Nd4+ 38.Kd3 Rb8 39.Rg2+ Kf8 40.Nd2 Ra8 41.a5 
Rxa5 42.Nc4 Ra1 43.Rh4 Nf3 44.Rhg4 Ne1+ 45.Ke4 Nxg2 46.Rxg2 Rh1 47.Ne3 
Rh4+ 48.Ng4 Rxh5 49.Rh2 f5+ 0-1

[Event "22nd Reykjavik op"]
[Site "Reykjavik ISL"]
[Date "2006.03.08"]
[Round "3.46"]
[White "Johnson, Ben"]
[Black "Palsson, Svanberg Mar"]
[WhiteElo "2189"]
[BlackElo "1720"]
[Result "1-0"]
[EventDate "2006.03.06"]
[PlyCount "67"]

1.c4 Nf6 2.Nf3 c6 3.d4 d5 4.cxd5 cxd5 5.Nc3 Nc6 6.Bf4 a6 7.e3 e6 8.Rc1 Bd6
9.Bg3 O-O 10.Bd3 b5 11.Nxd5 Nxd5 12.Rxc6 Qa5+ 13.Kf1 Be7 14.a3 Bb7 15.Rc1 
Rac8 16.Ra1 Qb6 17.Ne5 b4 18.a4 f5 19.a5 Qc7 20.Qd2 Rfe8 21.f3 Bd6 22.Ke2 
b3 23.Rhc1 Qe7 24.Bc4 Bb4 25.Qd3 Nc3+ 26.Rxc3 Bxc3 27.bxc3 Bd5 28.Bxa6 b2 
29.Rb1 Rb8 30.c4 Ba8 31.Bb5 Qb4 32.Bxe8 Rxe8 33.Qd2 Qa4 34.Rxb2 1-0

[Event "22nd Reykjavik op"]
[Site "Reykjavik ISL"]
[Date "2006.03.08"]
[Round "3.47"]
[White "Thorhallsson, Gylfi"]
[Black "Trifunovic, Dusan"]
[WhiteElo "2187"]
[BlackElo "2012"]
[Result "1-0"]
[EventDate "2006.03.06"]
[PlyCount "77"]

1.e4 e5 2.Nf3 Nc6 3.Bb5 Nd4 4.Nxd4 exd4 5.O-O Bc5 6.d3 a6 7.Bc4 d6 8.f4 
Nf6 9.Nd2 Be6 10.Bb3 Bxb3 11.axb3 Qd7 12.Nf3 O-O-O 13.Kh1 Ng4 14.b4 Bxb4 
15.Nxd4 Bc5 16.c3 d5 17.e5 Bxd4 18.cxd4 h5 19.f5 Qe7 20.Qe1 g6 21.b4 gxf5 
22.b5 axb5 23.Ra7 b4 24.Bd2 c5 25.Bf4 Rh6 26.Bxh6 Nxh6 27.dxc5 Qxc5 28.Qa1
Qb6 29.Qa4 Qc5 30.d4 Qc4 31.Qa1 Qb5 32.Ra5 Qb6 33.Rc1+ Kd7 34.Rxd5+ Ke7 
35.Rxd8 Kxd8 36.Qa8+ Ke7 37.Qc8 Qd8 38.Rc7+ Ke8 39.Qxb7 1-0

[Event "22nd Reykjavik op"]
[Site "Reykjavik ISL"]
[Date "2006.03.08"]
[Round "3.48"]
[White "Player, Edmund"]
[Black "Baldursson, Hrannar"]
[WhiteElo "2122"]
[BlackElo "2174"]
[Result "0-1"]
[EventDate "2006.03.06"]
[PlyCount "96"]

1.e4 d6 2.d4 Nf6 3.Nc3 g6 4.Be3 Bg7 5.Nf3 Bg4 6.h3 Bxf3 7.Qxf3 Nbd7 8.Bc4 
O-O 9.O-O c6 10.a4 e6 11.Bb3 d5 12.Rfe1 dxe4 13.Nxe4 Nxe4 14.Qxe4 Nf6 15.
Qh4 Qa5 16.Rad1 Nd5 17.Bg5 Rfe8 18.c3 Qb6 19.Bxd5 exd5 20.b4 a5 21.Be7 Qa6
22.bxa5 Qxa5 23.Rd3 Qxa4 24.Rf3 Qc2 25.Qf4 Qf5 26.Qd6 Qc8 27.Qf4 f5 28.g4 
Qd7 29.Rfe3 fxg4 30.hxg4 Bf8 31.Qg5 b5 32.Kg2 Bg7 33.R1e2 Ra1 34.f3 Rb1 
35.Bf6 Rxe3 36.Rxe3 Rb2+ 37.Kg3 Bf8 38.Be7 Bxe7 39.Rxe7 Qd6+ 40.f4 h6 41.
Qxh6 Qxe7 42.Qxg6+ Kf8 43.Qh6+ Kf7 44.Qxc6 Qe1+ 45.Kh3 Qh1+ 46.Kg3 Rg2+ 
47.Kf3 Qf1+ 48.Ke3 Qe2# 0-1

[Event "22nd Reykjavik op"]
[Site "Reykjavik ISL"]
[Date "2006.03.08"]
[Round "3.50"]
[White "Omarsson, Dadi"]
[Black "Thorsteinsson, Erlingur"]
[WhiteElo "1714"]
[BlackElo "2147"]
[Result "0-1"]
[EventDate "2006.03.06"]
[PlyCount "46"]

1.e4 e5 2.Nf3 Nc6 3.Bc4 Be7 4.d4 d6 5.O-O Nf6 6.Nc3 Bg4 7.dxe5 Nxe5 8.Be2 
Bd7 9.Nxe5 dxe5 10.Bc4 c6 11.f4 Bc5+ 12.Kh1 Ng4 13.Qf3 Qh4 14.h3 Nf2+ 15.
Rxf2 Qxf2 16.Qxf2 Bxf2 17.Ne2 exf4 18.Bxf4 O-O 19.Bd6 Rfe8 20.Rf1 Be6 21.
Bxe6 Rxe6 22.Rxf2 Rxd6 23.Nc3 Rad8 0-1

[Event "22nd Reykjavik op"]
[Site "Reykjavik ISL"]
[Date "2006.03.09"]
[Round "4.2"]
[White "Kveinys, Aloyzas"]
[Black "Sargissian, Gabriel"]
[WhiteElo "2517"]
[BlackElo "2603"]
[Result "1/2-1/2"]
[EventDate "2006.03.06"]
[PlyCount "126"]

1.d4 Nf6 2.Nf3 e6 3.Bf4 b6 4.e3 Bb7 5.h3 c5 6.Nbd2 Nc6 7.c3 d5 8.Bd3 Bd6 
9.Bxd6 Qxd6 10.O-O O-O 11.Re1 Rad8 12.Qc2 e5 13.dxc5 bxc5 14.e4 d4 15.Bb5 
Nd7 16.Rac1 Rc8 17.Qb3 Ba8 18.Qa3 Qb8 19.Bc4 Nb6 20.Ba6 Bb7 21.Bxb7 Qxb7 
22.Qxc5 Rfd8 23.Qb5 a6 24.Qe2 Na4 25.cxd4 Nxd4 26.Nxd4 exd4 27.Nc4 Qb5 28.
b3 Nb6 29.Qd3 a5 30.e5 a4 31.e6 fxe6 32.Rxe6 axb3 33.axb3 Nxc4 34.bxc4 Qc5
35.Re4 Rc7 36.f4 Ra7 37.Re5 Qa3 38.Rd1 Qxd3 39.Rxd3 Rc7 40.c5 Rdc8 41.Rxd4
Rxc5 42.Ree4 R5c7 43.Kh2 Kf7 44.Kg3 Re7 45.Re5 Rxe5 46.fxe5 Ke6 47.Kf4 Rc2
48.Rd6+ Ke7 49.g3 Rc4+ 50.Kf5 g6+ 51.Kg5 Rc3 52.Kf4 g5+ 53.Kf5 Rf3+ 54.Ke4
Rxg3 55.Rh6 g4 56.Rxh7+ Ke6 57.Rh6+ Ke7 58.h4 Rg1 59.Rg6 g3 60.Kf3 g2 61.
h5 Rh1 62.Rxg2 Rxh5 63.Ke4 Rh1 1/2-1/2

[Event "22nd Reykjavik op"]
[Site "Reykjavik ISL"]
[Date "2006.03.09"]
[Round "4.4"]
[White "Ivanisevic, Ivan"]
[Black "Danielsen, Henrik"]
[WhiteElo "2588"]
[BlackElo "2520"]
[Result "0-1"]
[EventDate "2006.03.06"]
[PlyCount "82"]

1.d4 f5 2.c4 Nf6 3.Nc3 d6 4.Nf3 g6 5.g3 Bg7 6.Bg2 O-O 7.O-O c6 8.b3 Na6 9.
Ba3 Qa5 10.Qc1 Bd7 11.Rb1 b5 12.b4 Qd8 13.d5 Rc8 14.dxc6 Bxc6 15.cxb5 Bxf3
16.exf3 Ne4 17.fxe4 Rxc3 18.Qd1 Rxa3 19.bxa6 f4 20.b5 Kh8 21.Qd5 Be5 22.
Rb3 Rxa2 23.gxf4 Rxf4 24.Rd3 Qg8 25.Qb7 Qc4 26.Rf3 Rxf3 27.Bxf3 Qf7 28.Bg2
Qf4 29.Qc8+ Kg7 30.Qh3 Ra3 31.f3 Ra2 32.Kh1 Rb2 33.Qg3 Qxg3 34.hxg3 Bxg3 
35.Rc1 Bf4 36.Rd1 Rxb5 37.Bf1 Rb2 38.Rd5 Rf2 39.Bg2 Ra2 40.Bf1 Kf6 41.Bb5 
Be5 0-1

[Event "22nd Reykjavik op"]
[Site "Reykjavik ISL"]
[Date "2006.03.09"]
[Round "4.6"]
[White "Hamdouchi, Hichem"]
[Black "Matamoros Franco, Carlos"]
[WhiteElo "2575"]
[BlackElo "2510"]
[Result "1-0"]
[EventDate "2006.03.06"]
[PlyCount "143"]

1.e4 e5 2.Bc4 Nf6 3.d3 Nc6 4.Nf3 Bc5 5.c3 O-O 6.Nbd2 d6 7.Bb3 Kh8 8.h3 Ng8
9.Nf1 f5 10.exf5 Bxf5 11.Ng3 Bd7 12.O-O Bb6 13.d4 exd4 14.cxd4 Rxf3 15.
Qxf3 Nxd4 16.Qf7 Qe7 17.Be3 Nxb3 18.Qxb3 Bxe3 19.Qxe3 Qxe3 20.fxe3 Nf6 21.
Rac1 Rc8 22.Nf5 Bxf5 23.Rxf5 Kg8 24.Ra5 a6 25.b4 c6 26.b5 axb5 27.Rxb5 Rc7
28.Ra5 Re7 29.Ra7 Kf7 30.Rb1 b5 31.Ra6 Rxe3 32.Rxc6 Re2 33.Rxd6 Rxa2 34.
Rxb5 h5 35.Rd3 Ra7 36.Rdb3 Kg6 37.Rb7 Ra1+ 38.Kh2 Kh6 39.Rg3 g6 40.Rf3 Ne4
41.Rd7 Ra6 42.Re7 Nf6 43.Rf7 Ne4 44.Re3 Nf6 45.Rf3 Ne4 46.R7f4 Ng5 47.Rb3 
Re6 48.Rfb4 Re2 49.Rb6 Ne6 50.Rf3 Kg5 51.Kg1 Re5 52.Kf2 h4 53.Rb4 Ng7 54.
Rg4+ Kh5 55.Rf7 Nf5 56.Rh7+ Nh6 57.Kf3 g5 58.Re4 Rf5+ 59.Ke2 Kg6 60.Rhe7 
Ng8 61.R7e6+ Nf6 62.Re3 Kf7 63.R6e5 Kg6 64.Rxf5 Kxf5 65.Kf3 Nd7 66.Rc3 
Ne5+ 67.Ke3 Ng6 68.Rc5+ Kf6 69.Ke4 Nf4 70.Rf5+ Kg6 71.Rxf4 gxf4 72.Kxf4 
1-0

[Event "22nd Reykjavik op"]
[Site "Reykjavik ISL"]
[Date "2006.03.09"]
[Round "4.7"]
[White "Williams, Simon"]
[Black "Erenburg, Sergey"]
[WhiteElo "2452"]
[BlackElo "2573"]
[Result "0-1"]
[EventDate "2006.03.06"]
[PlyCount "87"]

1.d4 d5 2.c4 c6 3.Nc3 Nf6 4.Nf3 e6 5.Bg5 h6 6.Bh4 dxc4 7.e4 g5 8.Bg3 b5 9.
Be2 Bb7 10.Ne5 h5 11.h3 Nbd7 12.Nxd7 Qxd7 13.Be5 Rh6 14.Qc2 Qe7 15.b3 Nd7 
16.Bg3 b4 17.Na4 c3 18.O-O e5 19.dxe5 h4 20.Bh2 Nxe5 21.f4 gxf4 22.Bxf4 
O-O-O 23.a3 c5 24.axb4 cxb4 25.Qc1 Rf6 26.Qe3 Rxf4 27.Qxf4 Rd4 28.Bg4+ Kb8
29.Bf5 Qf6 30.Qe3 Bh6 31.Qe2 Ba6 32.Qf2 Rd2 33.Qc5 Nd3 34.Qd5 Be3+ 35.Kh2 
Qe5+ 36.Qxe5+ Nxe5 37.Rfc1 Nd3 38.Rf1 Nf4 39.Rfe1 Nxg2 40.Red1 Bf4+ 41.Kh1
Ne3 42.Rxd2 cxd2 43.Bg4 Nxg4 44.hxg4 0-1

[Event "22nd Reykjavik op"]
[Site "Reykjavik ISL"]
[Date "2006.03.09"]
[Round "4.8"]
[White "Hillarp Persson, Tiger"]
[Black "Brynell, Stellan"]
[WhiteElo "2548"]
[BlackElo "2493"]
[Result "1-0"]
[EventDate "2006.03.06"]
[PlyCount "83"]

1.d4 e6 2.c4 Nf6 3.Nc3 Bb4 4.e3 c5 5.Bd3 O-O 6.Nf3 d5 7.O-O cxd4 8.exd4 
dxc4 9.Bxc4 b6 10.Bg5 Bb7 11.Ne5 Bxc3 12.bxc3 Nbd7 13.Qe2 Qc7 14.Nxd7 Nxd7
15.Rac1 Rac8 16.Bd3 Rfe8 17.Rfe1 Nf8 18.Qg4 Qc6 19.h4 Kh8 20.h5 h6 21.Bf4 
Nh7 22.Be5 Rg8 23.Re3 Nf6 24.Qh3 Qa4 25.c4 Nd7 26.Rce1 b5 27.cxb5 Qxa2 28.
Qh4 Rc3 29.Qf4 Nxe5 30.dxe5 Qd5 31.Bf1 Rxe3 32.Qxe3 Kh7 33.Rc1 g6 34.Rc7 
gxh5 35.Rxf7+ Rg7 36.Rxg7+ Kxg7 37.Qxa7 Kg6 38.Qe3 h4 39.Kh2 Qd1 40.Qd3+ 
Qxd3 41.Bxd3+ Kg5 42.f3 1-0

[Event "22nd Reykjavik op"]
[Site "Reykjavik ISL"]
[Date "2006.03.09"]
[Round "4.13"]
[White "Thorfinnsson, Bragi"]
[Black "Sutovsky, Emil"]
[WhiteElo "2367"]
[BlackElo "2624"]
[Result "1/2-1/2"]
[EventDate "2006.03.06"]
[PlyCount "40"]

1.d4 Nf6 2.c4 e6 3.Nf3 b6 4.g3 Bb7 5.Bg2 Be7 6.O-O O-O 7.Nc3 Na6 8.d5 Bb4 
9.Bd2 Nc5 10.Nd4 Bxc3 11.Bxc3 Nfe4 12.Bb4 exd5 13.cxd5 Bxd5 14.Nf5 Bb7 15.
Qd4 Ne6 16.Qe3 c5 17.Bxe4 d5 18.Bxd5 Bxd5 19.Rad1 cxb4 20.Qe5 f6 1/2-1/2

[Event "22nd Reykjavik op"]
[Site "Reykjavik ISL"]
[Date "2006.03.09"]
[Round "4.14"]
[White "Olafsson, David"]
[Black "Rogers, Ian"]
[WhiteElo "2319"]
[BlackElo "2547"]
[Result "0-1"]
[EventDate "2006.03.06"]
[PlyCount "106"]

1.e4 c6 2.d4 d5 3.exd5 cxd5 4.c4 Nf6 5.Nc3 g6 6.Qb3 Bg7 7.cxd5 O-O 8.Be2 
Nbd7 9.Bf3 Nb6 10.Nge2 Bg4 11.Bxg4 Nxg4 12.Bf4 Qd7 13.O-O Nf6 14.d6 exd6 
15.Nb5 Nc8 16.a4 a6 17.Nbc3 Ne7 18.d5 Nf5 19.Rfd1 Rfe8 20.Qb4 Rac8 21.Ng3 
Nxg3 22.Bxg3 Rc5 23.f3 Nh5 24.Bf2 Rcc8 25.Bd4 f5 26.Bxg7 Nxg7 27.Re1 Qc7 
28.Kf2 Qc5+ 29.Qxc5 Rxc5 30.Rxe8+ Nxe8 31.Ke3 Rc4 32.Kd3 Rb4 33.Re1 Kf7 
34.Re2 Nf6 35.Re6 Nd7 36.Re2 Ne5+ 37.Kc2 Nc4 38.Kc1 Rb3 39.Nd1 Rd3 40.Rc2 
Rxd1+ 41.Kxd1 Ne3+ 42.Kd2 Nxc2 43.Kxc2 Kf6 44.f4 g5 45.fxg5+ Kxg5 46.Kd3 
Kf4 47.Kd4 b6 48.b3 h6 49.b4 b5 50.a5 h5 51.g3+ Kf3 52.Kd3 f4 53.gxf4 Kxf4
0-1

[Event "22nd Reykjavik op"]
[Site "Reykjavik ISL"]
[Date "2006.03.09"]
[Round "4.15"]
[White "Galego, Luis"]
[Black "Mankeyev, Rauan"]
[WhiteElo "2538"]
[BlackElo "2381"]
[Result "1/2-1/2"]
[EventDate "2006.03.06"]
[PlyCount "90"]

1.c4 e5 2.g3 d5 3.Bg2 dxc4 4.Qa4+ c6 5.Qxc4 Be6 6.Qc2 Bd5 7.e4 Be6 8.Nf3 
Bd6 9.O-O c5 10.b4 cxb4 11.d4 Nd7 12.Bb2 Ne7 13.dxe5 Bc5 14.Ng5 Qb6 15.Nd2
Rc8 16.Qd3 O-O 17.Nxe6 Qxe6 18.Nf3 h6 19.h4 Nb6 20.Kh2 Rcd8 21.Qc2 Qc4 22.
Rac1 Qxc2 23.Rxc2 Na4 24.Ba1 Nc6 25.Rfc1 Bb6 26.Bf1 Nc3 27.Bxc3 bxc3 28.
Rxc3 Bxf2 29.Bc4 Bd4 30.Rb3 Na5 31.Rb5 Nxc4 32.Rxc4 Bb6 33.a4 Rc8 34.Rxc8 
Rxc8 35.Rd5 Rc2+ 36.Kh3 Ra2 37.Rd7 Ra3 38.Kg4 Rxa4 39.Rxb7 Rxe4+ 40.Kf5 
Re3 41.Kf4 Rb3 42.Rb8+ Kh7 43.Rf8 Rb4+ 44.Kf5 Rb3 45.Kf4 Rb4+ 1/2-1/2

[Event "22nd Reykjavik op"]
[Site "Reykjavik ISL"]
[Date "2006.03.09"]
[Round "4.18"]
[White "Kristjansson, Stefan"]
[Black "Bergsson, Snorri"]
[WhiteElo "2476"]
[BlackElo "2316"]
[Result "1/2-1/2"]
[EventDate "2006.03.06"]
[PlyCount "60"]

1.e4 e6 2.d4 d5 3.e5 c5 4.c3 Qb6 5.Nf3 Bd7 6.Bd3 Bb5 7.dxc5 Bxc5 8.b4 Bxd3
9.Qxd3 Bf8 10.O-O Nd7 11.Na3 Ne7 12.Be3 Qd8 13.Nb5 Nc6 14.Bf4 Be7 15.a3 a6
16.Nd6+ Bxd6 17.exd6 Nb6 18.Rfe1 h6 19.Nd2 O-O 20.c4 Qf6 21.Bg3 Nxc4 22.
Nxc4 dxc4 23.Qxc4 Rfd8 24.Rad1 Rd7 25.a4 a5 26.b5 Nb4 27.Be5 Qf5 28.Bb2 
Nd5 29.Qd4 Qg6 30.Ba3 Qf6 1/2-1/2